1829 1290 1296 1279 1334 1244 1449 1909 1930 1498 1997 1242 1302 1623 1048 1885 1448 1380 1791 1063 1045 1321 1049 1777 1369 1869 1038 1206 1267 1277 1886 1192 1336 1078 1232 1252 1449 1772 1803 1478 1823 1538 1458 1201 1573 1040 1641 1793 1806 1104 1013 1315 1931 1962 1636 1906 1787 1319 1187 1970 1000 1219 1243 1618 1885 1086 1080 1360 1488 1744 1762 1582 1091 1793 1423 1038 1773 1064 1270 1064 1405 1052 1551 1496 1735 1162 1888 1044 1646 1257 1599 1491 1553 1387 1237 1979 1601 1129 1443 BCNSPRNW ULIB Ver.6.0+V

เปลี่ยนเป็นภาษาไทย

Change to English
 แสดงรายละเอียดบรรณานุกรม
  กลับหน้าหลัก

Brief Record : Get Marc (ISO 2709) : E-mail record : QR code < ปิดหน้าต่าง
LEADER : 00000nam 2200000uu 4500
001    13399126303
003     ULIB
008    180905s2560||||th 000 0 tha d
020    ^a9786163981776
060 04 ^aWW140^bร924
110 1  ^aมหาวิทยาลัยเชียงใหม่. ^bคณะแพทยศาสตร์. ^bภาควิชาจักษุวิทยา
245 00 ^aโรคตาที่พบบ่อยในเวชปฏิบัติ :^bฉบับปรับปรุง พ.ศ. 2556 /^cบรรณาธิการ,สมสงวน อัษญคุณ ... [และคนอื่นๆ]
250    ^aพิมพ์ครั้งที่ 3(ฉบับปรับปรุง พ.ศ. 2560)
260    ^aเชียงใหม่ :^bภาควิชาจักษุวิทยา คณะแพทยศาสตร์ มหาวิทยาลัยเชียงใหม่,^c2560
300    ^axviii, 340 หน้า :^bภาพประกอบสี ;^c27 ซม.
650  4 ^aตา, โรค
650  4 ^aจักษุวิทยา
700 0  ^aสมสงวน อัษญคุณ,^eบรรณาธิการ
700 0  ^aประภัสสร ผาติกุลศิลา,^eบรรณาธิการ
700 0  ^aนภาพร ตนานุวัฒน์,^eบรรณาธิการ
700 0  ^aดิเรก ผาติกุลศิลา,^eบรรณาธิการ
700 0  ^aเกษรา พัฒนพิฑูรย์,^eบรรณาธิการ
945    ^p900^l0^i26521
945    ^p900^l0^i26522
999    ^aกัณชพร จุลอักษร
รายการนี้ยังไม่มีแท็ก
คุณยังไม่ได้ล็อกอิน คุณสามารถมีกิจกรรมร่วมกับเว็บไซต์ได้ แต่ต้องล็อกอินก่อน ::
  ล็อกอิน

รายการสื่อสารสนเทศ

ลำดับที่ ประเภท เลขเรียก/บาร์โค้ด สถานที่ สถานะ
1. หนังสือสำรอง
หนังสือสำรอง
WW140 ร924 ฉ.1 
  Barcode: 26521
ห้องสมุดวิทยาเขตนครสวรรค์
►หนังสือทั่วไป:l:General Books
บนชั้น
2. วิทยาศาสตร์การแพทย์ และสุขภาพ
วิทยาศาสตร์การแพทย์ และสุขภาพ
WW140 ร924 ฉ.2 
  Barcode: 26522
ห้องสมุดวิทยาเขตนครสวรรค์
►หนังสือทั่วไป:l:General Books
บนชั้น

รายการใกล้เคียง
    หัวเรื่อง [ตา, โรค]
    หัวเรื่อง [จักษุวิทยา]

BibComment


ยังไม่เคยถูกคอมเมนท์

คอมเมนท์ทรัพยากรรายการนี้
  คอมเมนท์: โรคตาที่พบบ่อยใน..


 Copyright 2026. Bcnsprnw @Library